000 004400000a22001810004500
003 MACL
005 20151230160324.0
008 151230b xxu||||| |||| 00| 0 eng d
040 _aMACL
_cMACL
041 _aEnglish
082 _a294.592/ALL
100 _aAllchin, F R
_925179
245 _aThe Petition to Ram
260 _bGeorge Allen & Unwin Ltd
_c1966
350 _a47
650 _aReligion
_925181
942 _cBK
_k294.592/ALL
_2ddc
999 _c35790
_d35790